Understanding and responding to the terrorism phenomenon (Record no. 115598)
[ view plain ]
| 000 -LEADER | |
|---|---|
| fixed length control field | 01636nam a2200361Ia 4500 |
| 082 04 - DEWEY DECIMAL CLASSIFICATION NUMBER | |
| Classification number | 303.625 |
| 245 10 - TITLE STATEMENT | |
| Title | Understanding and responding to the terrorism phenomenon |
| 260 ## - PUBLICATION, DISTRIBUTION, ETC. (IMPRINT) | |
| Place of publication | Amsterdam ; |
| -- | Oxford : |
| Name of publisher | IOS Press, |
| Year of publication | c2007. |
| 300 ## - PHYSICAL DESCRIPTION | |
| Number of Pages | xv, 431 p. : |
| Other physical details | ill. |
| 490 1# - SERIES STATEMENT | |
| Series statement | NATO security through science series. E, Human and societal dynamics ; |
| 650 #0 - SUBJECT ADDED ENTRY--TOPICAL TERM | |
| Topical Term | Terrorism |
| Topical Term | Political violence. |
| 700 1# - ADDED ENTRY--PERSONAL NAME | |
| Personal name | Nikbay, Ozgur. |
| Personal name | Hancerli, Suleyman. |
| 856 40 - ELECTRONIC LOCATION AND ACCESS | |
| Uniform Resource Identifier | http://site.ebrary.com/lib/rucke/Doc?id=10196593 |
No items available.
